01510nam a2200325Ia 450000500170000000800410001702000180005804100080007610000340008424500760011825000180019430000600021249000230027250000580029550001920035365000420054565000430058765000360063065000410066670000290070771000540073683001420079085600530093226400570098533600270104233700330106933800280110204000350113008400190116520220317000416.0121119s 2014ck a 000 f und d a97895888450430 aspa10aAristizábal Correa, Susana 10aUn castillo de libroscSusana Aristizábal ; ilustraciones Nel Correa  a1a. edición a36 páginas sin numeración bilustraciones en color  aLeer en mi cuento  aVersión digital de la página www.manguared.gov.co aEste documento se desarrolla en el marco del Convenio de Asociación 529 de 2013 "Alianza Público Privada de Impulso y Sostenibilidad de la Política Pública de Primera Infancia. 142LEMBaLiteratura infantil colombiana 142LEMBaCuentos infantiles colombianos 142LEMB aLibros en la literatura 14aLibros ilustrados para niños2LEMB10aCorrea, Neleilustrador 10aFundación Taller de Letras Jordi Sierra i Fabra aDe cero a siemprepColección para la Primera Infancia del Ministerio de Cultura, Plan Nacional de Lectura y Escritura Leer es mi cuento uhttp://online.anyflip.com/asci/jcjx/zAcceso web aMedellín bMinisterio de Cultura bTragaluz c2014 atextobtxt2rdacontent asin mediaciónbn2rdamedia avolumenbnc2rdacarrier aCO-BoRNBPbspaerdacCO-BoRNBP aC ARISC-E-BOOK